000 00617nam a2200157 a 4500
001 000040350
005 20201002034057.0
008 130822s1966 cl 000 0 spa d
040 _aDO-SdBNP
_bspa
_cBNPHU
100 1 _aMartin Lipset, Saymour
_966647
245 1 0 _aEstados Unidos :
_bjuicio y análisis, los Estados Unidos en una perspectiva histórica comparativa /
_c, Seymour Martin Lipset ; traducción Sara Galofre.
260 _aCali, Colombia :
_bNorma,
_c1966.
300 _a560 p ;
_c22 cm.
504 _aIncluye referencias bibliográficas y notas al pie de las páginas
700 1 _aGalofre, Sara
_etr.
_966648
999 _c39840
_d39840